Back-to-Back Best Actor Oscar Winners - Statistics

General Stats
  • This quiz has been taken 99 times
  • The average score is 3 of 5
Answer Stats
Years Films Winners % Correct
1993/1994 "Philadelphia" and "Forrest Gump" Tom Hanks
100%
1967/1968 "Guess Who's Coming to Dinner" and "The Lion in Winter" Katharine Hepburn
66%
1937/1938 Captains Courageous" and "Boys Town" Spencer Tracy
61%
1936/1937 "The Great Ziegfeld" and "The Good Earth" Luise Rainer
40%
1976/1977 "All the President's Men" and "Julia" Jason Robards
34%
No matching quizzes found
Score Distribution
Percent of People with Each Score
Percentile by Number Answered
Your Score History
You have not taken this quiz